| 000 | 00473nam a2200181Ia 4500 | ||
|---|---|---|---|
| 003 | OSt | ||
| 005 | 20241001164149.0 | ||
| 008 | 221021s9999||||xx |||||||||||||| ||und|| | ||
| 020 | _a9780415575522 | ||
| 040 | _cChuka University Library | ||
| 050 |
_aGF 41 _b.J66 2012 |
||
| 100 |
_aJones, Andrew _9645 |
||
| 245 | 0 | _aHuman Geography: The basics | |
| 260 |
_aNew York, U.S.A. _bRoutledge _c2012 |
||
| 300 | _a209p | ||
| 650 |
_a1. Human Geography _911775 |
||
| 942 |
_cBK _2lcc _01 |
||
| 999 |
_c559 _d559 |
||